000 00843nam a22001937a 4500
999 _c171320
_d171320
005 20200110105504.0
010 _aUR-10650
020 _c300.00
_a-
035 _aU-9205
037 _bDBAD/PUB
_a-
082 _a844.08
100 _aمر تبہ:عز يز اللہ شير ا نی
245 _aپر و فيسر پر يم شنکر سر ی و ا ستو شنکرکے منتخب طنز يہ و مز ا حيہ مضا مين
_cمر تبہ:عز يز اللہ شير ا نی
246 _bProf./Prem Shanker Srivastava Shanker Ke Muntakhab Tanziya Wa Mazahiya Mazameen (Urdu)
_aEdited by:Azizullah Sheerani
260 _aRajisthan
_bDr.Azizulah Sherani
_c2018ء
270 _aFarhat Manzil,Kali Palton,Dewanji Ke Kuain Ke Pass
_bTonk
_e-
_k9214984819
_l-
300 _a240 ص
_c22 Cm(Hb)
942 _2ddc
_cUR
_h844.08
_mش ن ک